Central Library OPAC University of Rajshahi

Five Elizabethan comedies / (Record no. 18282)

MARC details
000 -LEADER
fixed length control field 00853cam a22002531a 4500
001 - CONTROL NUMBER
control field 18282
003 - CONTROL NUMBER IDENTIFIER
rucl marc code BD-RjUL
005 - DATE AND TIME OF LATEST TRANSACTION
control field 20211209000249.0
008 - FIXED-LENGTH DATA ELEMENTS--GENERAL INFORMATION
fixed length control field 140220r19511934enka 000 0 eng
035 ## - SYSTEM CONTROL NUMBER
System control number (BD-RjUL)18340
System control number (OCoLC)350685
040 ## - CATALOGING SOURCE
Original cataloging agency DLC
Transcribing agency ODaWU
Modifying agency OCoLC
-- CSdP
-- OCoLC
-- DLC
-- BD-RjUL
Language of cataloging eng
041 ## - LANGUAGE CODE
Language code of text/sound track or separate title eng
082 ## - DEWEY DECIMAL CLASSIFICATION NUMBER
Classification number 822.33
Author mark and year FIV 1951
245 00 - TITLE STATEMENT
Title Five Elizabethan comedies /
Statement of responsibility, etc. edited with and introduction by A.K. McIlwraith.
260 ## - PUBLICATION, DISTRIBUTION, ETC. (IMPRINT)
Place of publication, distribution, etc. London :
Name of publisher, distributor, etc. Oxford University Press ; H. Milford,
Date of publication, distribution, etc. [Reprinted 1951].
300 ## - PHYSICAL DESCRIPTION
Pagination xx, 308 p. :
Illustrations ill. ;
Size 16 cm.
650 #0 - SUBJECT ADDED ENTRY--TOPICAL TERM
Topical term or geographic name as entry element English drama
Chronological subdivision Early modern and Elizabethan, 1500-1600.
9 (RLIN) 2066
700 1# - ADDED ENTRY--PERSONAL NAME
Personal name McIlwraith, A. K.
Fuller form of name (Archibald Kennedy)
Relator term ed.
942 ## - ADDED ENTRY ELEMENTS (KOHA)
Source of classification or shelving scheme Dewey Decimal Classification
Koha item type Books
Holdings
Lost status Source of classification or shelving scheme Damaged status Not for loan Collection code Permanent Location Current Location Shelving location Date acquired Source of acquisition Cost, normal purchase price Total Checkouts Full call number Date last seen Copy number Koha item type
  Dewey Decimal Classification     Fiction Central Library, University of Rajshahi Central Library, University of Rajshahi   25/10/1950 O. U. P. 2.13   822.33 FIV 1951 20/02/2014 C-2 Books
  Dewey Decimal Classification   Not For Loan Fiction Central Library, University of Rajshahi Central Library, University of Rajshahi Reading Room 22/01/1955 M.B.P. Dacca 3.00   822.33 FIV 1951 27/02/2014 C-1 Books